| 000 | 00833nam a2200253 a 4500 | ||
|---|---|---|---|
| 001 | BRCA_6253 | ||
| 005 | 20190320205403.0 | ||
| 008 | 210711s1951----mx-acf####---#000-0#spa-# | ||
| 041 | _aspa | ||
| 044 | _amx | ||
| 050 | 4 |
_aNA6243 _bM6 B36 _c1951 |
|
| 100 | 1 |
_aSánchez-Navarro y Peón, Carlos _910030 |
|
| 245 | 1 | 0 |
_aMemorias de un viejo palacio _bla casa del Banco Nacional de México _cCarlos Sánchez-Navarro y Peón. |
| 260 |
_aMéxico _bCompañía Impresora y Litográfica Nacional _c1951 |
||
| 300 |
_a316 p. _bil. _c23 cm. |
||
| 500 | _aK116 | ||
| 504 | _aBibliografía: 310-316 p. | ||
| 650 | 1 | 4 |
_aBanco Nacional de México _915702 |
| 650 | 1 | 4 |
_aBancos y operaciones bancarias _zMéxico _98161 |
| 650 | 1 | 4 |
_aArquitectura _zMéxico (Ciudad) _98140 |
| 650 | 1 | 4 |
_aArquitectura colonial _97560 |
| 902 | _aGFM | ||
| 942 |
_2lcc _cB |
||
| 999 |
_c5940 _d5940 |
||